Improve your communication skills
| Main Author: | |
|---|---|
| Format: | Book |
| Published: |
London :
Kogan Page ,
2004
|
| Series: | Creating success
|
| Subjects: |
MARC
| LEADER | 00000cam a2200000 7i4500 | ||
|---|---|---|---|
| 001 | 0000003239 | ||
| 005 | 20050324.0 | ||
| 020 | 0 | 0 | |a 0749432624 |
| 090 | 0 | 0 | |a 651.7 |b BAR |
| 100 | 0 | 0 | |a Barker, Alan , |d 1956- |
| 245 | 0 | 0 | |a Improve your communication skills |c Alan Barker. |
| 260 | 0 | 0 | |a London : |b Kogan Page , |c 2004 |
| 300 | |a viii, 147 p. ; |c 22 cm. | ||
| 440 | 0 | 0 | |a Creating success |
| 650 | 0 | 0 | |a Business communication |
| 999 | |a 0000006152 |b Monograph |c Open Shelf |e Default branch | ||